Princípy systemickej práce pre koučing, poradenstvo a prácu s konšteláciami

Saved in:
Bibliographic Details
Main Author: Stam, Jan Jacob
Other Authors: Schreuder, Bibi
Format: Book
Language:Slovak
Published: [Bratislava] Inštitút systematickej práce a konštelácií 2021
Edition:1. vydanie
Subjects:
Tags: Add Tag
No Tags, Be the first to tag this record!

MARC

LEADER 00000nam a2200000 4500
001 0304729
005 20241211103018.6
020 |a 978-80-973871-0-5 
041 0 |a slo 
044 |a SK 
245 1 0 |a Princípy systemickej práce pre koučing, poradenstvo a prácu s konšteláciami  |c Jan Jacob Stam, Bibi Schreuder 
250 |a 1. vydanie 
264 1 |a [Bratislava]  |b Inštitút systematickej práce a konštelácií  |c 2021 
300 |a 217 s. 
610 2 0 |a koučovanie 
610 2 0 |a poradenstvo 
610 2 0 |a psychológia 
100 1 |a Stam, Jan Jacob 
700 1 |a Schreuder, Bibi